000 00934nam a22002657i 4500
999 _c23024
_d23024
003 AR-CdUCM
008 240909b20102010 pe||||| |||| 00| 0 spa d
020 _a978-612-302-480-2
040 _aMUNICIPALIDAD PROVINCIAL DEL CUSCO
_cBIBLIOTECA MUNICIPAL DEL CUSCO
041 _hspa
082 _a516.32 / E88
_bE88
100 _aEspinoza, David Esteban
_950643
245 _aVectores en el plano :
_bUn curso para ciencias e ingenierías /
260 _aPerú :
_bEditorial San Marcos
_c2010
300 _a163 páginas. :
_c24.5 cm.
505 _aTeoría Vectorial -- Problemas aplicativos -- Aplicaciones a la física.
650 _aNúmeros reales
_919907
650 _aProducto cartesiano
_950308
650 _aVectores en plano
_950309
650 _aParalelismo de vectores
_950310
650 _aProyección ortogonal
_950311
700 _aChiroque Baldera, José
_950644
942 _2ddc
_cLIBROS
945 _apbj
_d2024-09-09